House bill 2511 (Record no. 759)
[ view plain ]
| 000 -LEADER | |
|---|---|
| fixed length control field | 00528nam a2200133 a 4500 |
| 005 - DATE AND TIME OF LATEST TRANSACTION | |
| control field | 20260322212033.0 |
| 008 - FIXED-LENGTH DATA ELEMENTS--GENERAL INFORMATION | |
| fixed length control field | data |
| 096 ## - LOCALLY ASSIGNED NLM-TYPE CALL NUMBER (OCLC) | |
| Classification number | WM 32 AA7 1986 |
| 001 - CONTROL NUMBER | |
| control field | data |
| 245 00 - TITLE STATEMENT | |
| Title | House bill 2511 |
| Remainder of title | an act relating to public health and safety. |
| Statement of responsibility, etc. | edited by Arizona. House of Representatives. Thirty-seventh Legislature. |
| 260 ## - PUBLICATION, DISTRIBUTION, ETC. | |
| Place of publication, distribution, etc. | Phoenix, Ariz. |
| Name of publisher, distributor, etc. | Arizona. House of Representatives. |
| Date of publication, distribution, etc. | 1986 |
| 650 #0 - SUBJECT ADDED ENTRY--TOPICAL TERM | |
| Topical term or geographic name entry element | Community mental health services |
| General subdivision | Law and legislation |
| Geographic subdivision | Arizona |
| 700 1# - ADDED ENTRY--PERSONAL NAME | |
| Personal name | Arizona. House of Representatives. Thirty-seventh Legislature. |
| Withdrawn status | Lost status | Damaged status | Not for loan | Home library | Current library | Shelving location | Date acquired | Total checkouts | Full call number | Barcode | Date last seen | Price effective from | Koha item type |
|---|---|---|---|---|---|---|---|---|---|---|---|---|---|
| Franklin | Franklin | General stacks | 22/03/2026 | GEN | BC0010779 | 22/03/2026 | 22/03/2026 | Books |